DOS 5.0, WordPerfect 5.1, Lotus 1-2-3 (2.2 and 2.3), dBase IV / (Record no. 164153)

MARC details
000 -LEADER
fixed length control field 00975nam a2200289 a 4500
008 - FIXED-LENGTH DATA ELEMENTS--GENERAL INFORMATION
fixed length control field
020 ## - INTERNATIONAL STANDARD BOOK NUMBER
International Standard Book Number 0256153221 (spiral bound)
049 ## - LOCAL HOLDINGS (OCLC)
Holding library MAIN
090 ## - LOCALLY ASSIGNED LC-TYPE CALL NUMBER (OCLC); LOCAL CALL NUMBER (RLIN)
Classification number (OCLC) (R) ; Classification number, CALL (RLIN) (NR) HF5548.4
003 - CONTROL NUMBER IDENTIFIER
control field
005 - DATE AND TIME OF LATEST TRANSACTION
control field 20230123134333.0
040 ## - CATALOGING SOURCE
Transcribing agency NUST
100 1# - MAIN ENTRY--PERSONAL NAME
Personal name Hutchinson, Sarah E.
245 10 - TITLE STATEMENT
Title DOS 5.0, WordPerfect 5.1, Lotus 1-2-3 (2.2 and 2.3), dBase IV /
Statement of responsibility, etc. Sarah E. Hutchinson, Stacey C. Sawyer, Glen J. Coulthard.
260 ## - PUBLICATION, DISTRIBUTION, ETC.
Place of publication, distribution, etc. Burr Ridge, Ill. :
Name of publisher, distributor, etc. Irwin,
Date of publication, distribution, etc. c1994.
300 ## - PHYSICAL DESCRIPTION
Extent x, 380 p. (various pagings) :
Other physical details ill. ;
Dimensions 28 cm.
440 #4 - SERIES STATEMENT/ADDED ENTRY--TITLE
Title The Irwin advantage series for computer education.
500 ## - GENERAL NOTE
General note Includes index.
650 #0 - SUBJECT ADDED ENTRY--TOPICAL TERM
Topical term or geographic name entry element Application software.
630 00 - SUBJECT ADDED ENTRY--UNIFORM TITLE
Uniform title WordPerfect (Computer file).
630 00 - SUBJECT ADDED ENTRY--UNIFORM TITLE
Uniform title Lotus 1-2-3 (Computer file).
630 00 - SUBJECT ADDED ENTRY--UNIFORM TITLE
Uniform title dBASE IV (Computer file).
700 1# - ADDED ENTRY--PERSONAL NAME
Personal name Sawyer, Stacey C.
700 1# - ADDED ENTRY--PERSONAL NAME
Personal name Coulthard, Glen J.
907 ## - LOCAL DATA ELEMENT G, LDG (RLIN)
a .b10028559
b 23-01-07
c 17-04-03
942 ## - ADDED ENTRY ELEMENTS (KOHA)
Koha item type Ordinary Loan Books
Call number prefix HF5548.4
Holdings
Date last seen Total Checkouts Full call number Barcode Cost, replacement price Price effective from Koha item type Lost status Source of classification or shelving scheme Damaged status Not for loan Collection Withdrawn status Home library Current library Shelving location Date acquired Cost, normal purchase price
02/22/2024   HF5548.4 HUT 92003002793 80.00 01/23/2023 BOOKS   LCC     NFIC   MAIN MAIN GEN 01/23/2023 80.00